Football (Soccer) General Facts - Statistics

General Stats
  • This quiz has been taken 210 times
    184 since last reset
  • The average score is 16 of 39
Answer Stats
Question Answer % Correct
Player with most Champions League goals for one club Lionel Messi
78%
Youngest ever player to win the World Cup Pelé
76%
Welsh left-midfielder who played for Man Utd Ryan Giggs
76%
Wears #10 on his back for Brazil Neymar Jr
73%
First ever Portuguese player to win the ballon d’Or Eusébio
72%
Known as “El Bicho” Cristiano Ronaldo
70%
Euro final 2016 only scorer Éder
60%
French superstar who won the Ballon’dor three times Michel Platini
60%
Chelsea’s Stadium Stamford Bridge
57%
Manchester City’s top goalscorer Sergio Agüero
56%
Chilean player who transferred from Udinese to Barcelona Alexis Sánchez
54%
Won African footballer of the year in 2006 Didier Drogba
49%
Atletico Madrid’s Manager Diego Pablo Simeone
49%
Danish goalkeeper who played for Manchester United Peter Schmeichel
48%
Most expensive Barcelona player in history Philippe Coutinho
47%
Stopped CR7 from scoring one of the best goals of all time Luis Nani
46%
Mexico’s national team top goalscorer Javier Hernández “Chicharito”
45%
Most expensive goalkeeper in history Kepa Arrizabalaga
45%
Scored 6 goals and won the golden boot during the 2014 World Cup James Rodriguez
44%
Scored a total of 71 goals in the Champions League playing for both Real Madrid and Schalke 04 Raúl Gónzalez
44%
Brazilian right-back who played for Inter Maicon
43%
Broke the record for scoring in more consecutive games in the Premier League Jamie Vardy
40%
Most expensive defender of all time Virgil Van Dijk
40%
German player who got injured right before the 2014 World Cup Marco Reus
39%
French defensive-midfielder that belongs to Chelsea but is currently at loan playing for AC Milan Tiemoué Bakayoko
39%
Spanish midfielder who played for Liverpool, Real Madrid and Bayern Xabi Alonso
38%
The first ever World Cup was both hosted and won by Uruguay
37%
World Cup 2018 golden boot winner Harry Kane
32%
Napoli’s all time top goalscorer Marek Hamsik
30%
Transferred from Lille to Chelsea in 2012 for 32 million Eden Hazard
28%
Country that got into the Top 3 in the 2010 and 2014 World Cups but didn’t even classify for the 2018 World Cup Netherlands
24%
Only Colombian player to ever play for Barcelona Yerry Mina
19%
Won the Puskás award in 2013 Zlatan Ibrahimović
18%
FC Barcelona’s President Josep María Bartomeu
13%
Known as “La Joya” Paulo Dybala
13%
South American striker that got injured right before the 2014 World Cup Radamel Falcao
13%
Transferred from Levante to Real Madrid during the summer of 2014 Keylor Navas
5%
Only left-back who has scored a hat-trick during a UCL groupstage match Layvin Kurzawa
5%
Spent 17 seasons and won 25 trophies at FC Barcelona Xavi Hernández
1%
No matching quizzes found
Score Distribution
Percent of People with Each Score
Percentile by Number Answered
Your Score History
You have not taken this quiz since the last reset